Kıbrıs'ta Türk nüfusu (Record no. 1041)

MARC details
000 -BAŞLIK
Sabit Uzunlukta Kontrol Alanı 00662na a2200229 4500
001 - KONTROL NUMARASI
Denetim Alanı 13294
003 - KONTROL NUMARASI IDENTIFIER
Denetim Alanı MIRAKIL
005 - SON İŞLEM TARİHİ VE ZAMANI
Denetim Alanı 20181213154810.0
008 - SABİT-BOY VERİ ELEMANLARI - GENEL BİLGİLER
Sabit Uzunlukta Kontrol Alanı 161010b tu 000 0
020 ## - ULUSLARARASI STANDART KİTAP NUMARASI
Uluslararası Standart Kitap Numarası 9759844311
040 ## - KATALOGLAMA KAYNAK
Orijinal Kataloglama Ajansı Milas
Kataloglama Dili tur
Metne Dönüştürmek Ajansı TR-AnCHP
041 ## - DİL KODU
Metin / Ses Parça Veya Ayrı Başlığın Dil Kodu tur
082 ## - DEWEY ONLU SINIFLANDIRMA NUMARASI
Sınıflandırma Numarası 304.6095693
Ürün Numarası A92k 2005
090 ## - SINIFLAMA NUMARASI
Sınıflama Numarası 304.6095693 A92k 2005
100 ## - ANA GİRİŞ - KİŞİSEL İSİM
Kişisel Ad Aydoğdu, Ahmet
245 ## - BAŞLIK TABLOSU
Başlık Kıbrıs'ta Türk nüfusu
Sorumluluk Tablosu, Vb Ahmet Aydoğdu
260 ## - YAYIN, DAĞITIM, VB
Yayın, Dağıtım, Vb Yeri Ankara
Yayıncı, Dağıtıcı, Vs Adı [ yayl. y.]
Yayın, Dağıtım, Vb Tarihi 2005
Üretici Firma BRC Basım ve Matbaacılık
300 ## - FİZİKSEL TANIM
Kapsam 49 s.
Diğer Fiziksel Ayrıntıları tbl.
Boyutlar 18 sm.
650 ## - KONU KATMA GİRİŞ - TOPİKAL DÖNEM
Topikal Süreli Veya Coğrafi Ad Giriş Elemanı Nüfus sayımları
Coğrafi Alt Bölümü Kıbrıs
650 ## - KONU KATMA GİRİŞ - TOPİKAL DÖNEM
Topikal Süreli Veya Coğrafi Ad Giriş Elemanı Nüfus araştırmaları
Genel Alt Bölümü Türkler
Coğrafi Alt Bölümü Kıbrıs
942 ## - EKLENDİ GİRİŞ ELEMANLARI (KOHA)
Sınıflandırma Veya Raf Düzeni Kaynak
Koha Öğesi Türü Books
999 ## - SİSTEM KONTROL NUMARALARI (KOHA)
Koha Biblionumber 1041
Koha Biblioitemnumber 1041
Holdings
Kalıcı Konum Mevcut Konum Edinme Tarihi Edinim Kaynak Toplam Check-Out'Lar Tam Çağrı Numarası Barkod Tarih Son Görülme İtibaren Geçerli Fiyatlar Koha Öğesi Türü
CHP Kütüphanesi CHP Kütüphanesi 08/12/2016 Bağış   304.6095693 A92k 2005 000873 08/12/2016 08/12/2016 Books